000 00545nam a2200181 i 4500
001 67912
003 ES-MaACL
005 20230906170153.0
007 t|
008 040216s1966 sp ||||1| spa d
100 1 _aGallico, Paul.
_953616
245 1 0 _aGibraltar
_b: Scruffy la última esperanza /
_cPaul Gallico ; [traducción de Mariano Orta Manzano].
250 _a[1ª ed.].
260 _aBarcelona :
_bJuventud,
_c1966.
300 _a319 p. ;
_c20 cm.
700 1 _aOrta Manzano, Mariano.
_987384
852 _aES-MaACL
_jC-29633
_bR.59933
999 _c67912
_d67912